Broadband services systems and networks : Second international conference : Usp. 3.- 4. Nov. 1993

Saved in:
Bibliographic Details
Format: Book
Language:English
Published: London : Institution of Electrical Engineers, 1993
Series:Conference publication No.383
Subjects:
Tags: Add Tag
No Tags, Be the first to tag this record!

MARC

LEADER 00000nam a22000003a 4500
001 stu10226
005 20150408181844.2
008 971029s1993----uk------------------eng-d
020 |a 0-85296-802-4 
040 |a STU  |b slo 
041 0 |a eng 
044 |a uk 
080 |a 681.324 
080 |a 681.327.8 
080 |a 621.39  |7 stu_us_auth*stu8291 
080 |a 061.3(08) 
084 |a B6150  |2 INS 
084 |a B6210  |2 INS 
084 |a C5630  |2 INS  |7 stu_us_auth*stu6236 
084 |a C5640  |2 INS 
084 |a C5670  |2 INS 
084 |a D5020  |2 INS 
245 |a Broadband services systems and networks :  |b Second international conference : Usp. 3.- 4. Nov. 1993 
260 |a London :  |b Institution of Electrical Engineers,  |c 1993 
300 |a 123 s 
650 7 |a komunikačné systémy  |2 stusub 
650 7 |a širokopásmové siete  |2 stusub 
650 7 |a počítačové siete  |2 stusub 
650 7 |a prenos dát  |2 stusub 
650 7 |a štandardy  |2 stusub 
650 7 |a protokoly  |2 stusub 
650 7 |a ATM  |2 stusub 
830 0 |a Conference publication  |v No.383 
996 |b EIEE-77  |c E*IEE-77  |l EE01  |s A  |a 24  |w stu10226_0001